ბათუმის შოთა რუსთაველის სახელმწიფო უნივერსიტეტის ბიბლიოთეკა

მესხეთის ნიადაგები (ბიბ.ჩანაწერი № 44465)

000 -LEADER
fixed length control field 00590nam a2200193Ia 4500
001 - CONTROL NUMBER
control field 11234
003 - CONTROL NUMBER IDENTIFIER
control field GE_BSU
008 - FIXED-LENGTH DATA ELEMENTS--GENERAL INFORMATION
fixed length control field 181216s||||||||xx |||||||||||||| ||und||
040 ## - CATALOGING SOURCE
Transcribing agency GE_BSU
080 ## - UNIVERSAL DECIMAL CLASSIFICATION NUMBER
Universal Decimal Classification number 631.44(479.22)
100 ## - MAIN ENTRY--PERSONAL NAME
Personal name პეტრიაშვილი როსტომ
245 ## - TITLE STATEMENT
Title მესხეთის ნიადაგები
260 ## - PUBLICATION, DISTRIBUTION, ETC.
Place of publication, distribution, etc. თბილისი
260 ## - PUBLICATION, DISTRIBUTION, ETC.
Name of publisher, distributor, etc. საბჭოთა საქართველო.
260 ## - PUBLICATION, DISTRIBUTION, ETC.
Date of publication, distribution, etc. 1975
300 ## - PHYSICAL DESCRIPTION
Extent 113გვ.20სმ.
653 ## - INDEX TERM--UNCONTROLLED
Uncontrolled term მესხეთის ნიადაგები
942 ## - ADDED ENTRY ELEMENTS (KOHA)
Koha item type წიგნი
ეგზემპლარები
Withdrawn status Lost status Damaged status Not for loan Date acquired Barcode Date last seen Price effective from Koha item type
        2018-12-17 19608 2018-12-17 2018-12-17 წიგნი
        2018-12-17 19609 2018-12-17 2018-12-17 წიგნი